| 000 | 00336nam a22001457a 4500 | ||
|---|---|---|---|
| 003 | SGT | ||
| 020 | _a9789381082942 | ||
| 082 | _a364 095 4,BAN | ||
| 100 | _aBANSAL,ASHWANI KUMAR | ||
| 245 | _aLAW OF TRADE MARKS IN INDIA | ||
| 260 |
_aNEW DELHI _bTHOMS _c2014 |
||
| 300 | _a1587 | ||
| 650 | _aTRADE MARKS IN INDIA | ||
| 942 |
_2ddc _cBK _03 |
||
| 999 |
_c11573 _d11573 |
||